MARC details
| 000 -CABECERA |
| campo de control de longitud fija |
03035cam a2200397 i 4500 |
| 001 - NÚMERO DE CONTROL |
| campo de control |
ssj0002157069 |
| 003 - IDENTIFICADOR DEL NÚMERO DE CONTROL |
| campo de control |
WaSeSS |
| 005 - FECHA Y HORA DE LA ÚLTIMA TRANSACCIÓN |
| campo de control |
20250618081252.0 |
| 006 - CÓDIGOS DE INFORMACIÓN DE LONGITUD FIJA--CARACTERÍSTICAS DEL MATERIAL ADICIONAL |
| campo de control de longitud fija |
m d |
| 007 - CAMPO FIJO DE DESCRIPCIÓN FÍSICA--INFORMACIÓN GENERAL |
| campo de control de longitud fija |
cr n |
| 008 - DATOS DE LONGITUD FIJA--INFORMACIÓN GENERAL |
| campo de control de longitud fija |
190125s2019 maua sb 001 0 eng d |
| 010 ## - NÚMERO DE CONTROL DE LA BIBLIOTECA DEL CONGRESO |
| Número de control de LC |
2018061523 |
| 020 ## - NÚMERO INTERNACIONAL ESTÁNDAR DEL LIBRO |
| Número Internacional Estándar del Libro |
9781633696877 |
| 040 ## - FUENTE DE LA CATALOGACIÓN |
| Centro catalogador/agencia de origen |
MH/DLC |
| Lengua de catalogación |
eng |
| Centro/agencia transcriptor |
MH |
| Centro/agencia modificador |
DLC |
| -- |
WaSeSS |
| 041 ## - CÓDIGO DE LENGUA |
| Código de lengua del texto/banda sonora o título independiente |
eng |
| 042 ## - CÃDIGO DE AUTENTICACIÃN |
| Código de autenticación |
pcc |
| 050 00 - SIGNATURA TOPOGRÁFICA DE LA BIBLIOTECA DEL CONGRESO |
| Número de clasificación |
HD58.87 |
| Número de documento/Ítem |
.H375 2019 |
| 245 00 - MENCIÓN DE TÍTULO |
| Título |
HBR's 10 must reads on business model innovation |
| 246 ## - FORMA VARIANTE DE TÍTULO |
| Título propio/Titulo breve |
Harvard Business Review's ten must reads on business model innovation |
| 246 ## - FORMA VARIANTE DE TÍTULO |
| Título propio/Titulo breve |
On business model innovation |
| 246 ## - FORMA VARIANTE DE TÍTULO |
| Título propio/Titulo breve |
Business model innovation |
| 260 ## - PUBLICACIÓN, DISTRIBUCIÓN, ETC. |
| Lugar de publicación, distribución, etc. |
Boston, MA : |
| Nombre del editor, distribuidor, etc. |
Harvard Business Review Press, |
| Fecha de publicación, distribución, etc. |
2019. |
| 300 ## - DESCRIPCIÓN FÍSICA |
| Extensión |
163 pages : |
| Otras características físicas |
illustrations ; |
| Dimensiones |
21 cm. |
| 490 ## - MENCIÓN DE SERIE |
| Mención de serie |
HBR's 10 must reads series |
| 504 ## - NOTA DE BIBLIOGRAFÍA, ETC. |
| Nota de bibliografía, etc. |
Includes bibliographical references and index. |
| 505 0# - NOTA DE CONTENIDO CON FORMATO |
| Nota de contenido con formato |
Why business models matter / by Joan Magretta — Reinventing your business model / by Mark W. Johnson, Clayton M. Christensen, and Henning Kagermann — When your business model is in trouble: an interview with Rita Gunther McGrath / by Sarah Cliffe — Paths to business model innovation / by Karan Girotra and Serguei Netessine — The transformative business model / by Stelios Kavadias, Kostas Ladas, and Christoph Loch — Competing against free / by David J. Bryce, Jeffrey H. Dyer and Nile W. Hatch — Why the lean start-up changes everything / by Steve Blank — Finding the platform in your product / by Andrei Hagiu and Elizabeth J. Altman — Pipelines, platforms, and the new rules of strategy / by Marshall W. Van Alstyne, Geoffrey G. Parker, and Sangeet Paul Choudary — When one business model isn't enough / by Ramon Casadesus-Masanell and Jorge Tarziján — Reaching the rich world's poorest consumers / by Muhammad Yunus, Frédéric Dalsace, David Menascé, and Bénédicte Faivre-Tavignot. |
| 506 ## - NOTA DE RESTRICCIONES AL ACCESO |
| Limitaciones de acceso |
License restrictions may limit access. |
| 520 ## - SUMARIO, ETC. |
| Sumario, etc. |
Your company needs a winning business model to thrive--and it may soon need to reinvent that business model to survive. If you read nothing else on business model innovation, read these 10 articles. We've combed through hundreds of Harvard Business Review articles and selected the most important ones to help you set up a model for success and stay ahead of your competitors. This book will inspire you to: Build a new business in an established organization Give your traditional offerings a shot in the arm Understand how a business model differs from a strategy Establish digital business models around traditional products Adopt the practices of lean start-ups Reimagine your core business as a platform Counter threats by revolutionizing your business model. |
| 650 #0 - PUNTO DE ACCESO ADICIONAL DE MATERIA--TÉRMINO DE MATERIA |
| Término de materia o nombre geográfico como elemento de entrada |
Reengineering (Management) |
| 9 (RLIN) |
7943 |
| 650 #0 - PUNTO DE ACCESO ADICIONAL DE MATERIA--TÉRMINO DE MATERIA |
| Término de materia o nombre geográfico como elemento de entrada |
Organizational change |
| 9 (RLIN) |
2599 |
| 650 #0 - PUNTO DE ACCESO ADICIONAL DE MATERIA--TÉRMINO DE MATERIA |
| Término de materia o nombre geográfico como elemento de entrada |
Creative ability in business |
| 9 (RLIN) |
4129 |
| 650 #0 - PUNTO DE ACCESO ADICIONAL DE MATERIA--TÉRMINO DE MATERIA |
| Término de materia o nombre geográfico como elemento de entrada |
Organizational effectiveness |
| 9 (RLIN) |
2451 |
| 650 #0 - PUNTO DE ACCESO ADICIONAL DE MATERIA--TÉRMINO DE MATERIA |
| Término de materia o nombre geográfico como elemento de entrada |
Business planning |
| 9 (RLIN) |
1415 |
| 650 #0 - PUNTO DE ACCESO ADICIONAL DE MATERIA--TÉRMINO DE MATERIA |
| Término de materia o nombre geográfico como elemento de entrada |
Strategic planning |
| 9 (RLIN) |
3573 |
| 942 ## - ELEMENTOS DE ENTRADA AGREGADA (KOHA) |
| Fuente del sistema de clasificación o colocación |
Clasificación de Library of Congress |